000 00961nam a2200289 i 4500
001 10373
003 ES-MaACL
005 20230906145857.0
007 t|
008 950526s1995 sp a |||| | spa d
020 _a84-339-1390-5
080 _a392.85
100 1 _aSchivelbusch, Wolfgang.
_9104387
245 1 0 _aHistoria de los estimulantes
_b: el paraíso, el sentido del gusto y la razón /
_cWolfgang Schivelbusch ; traducción de Michael Faber-Kaiser.
260 _aBarcelona :
_bAnagrama,
_c[1995]
300 _a281 p. :
_bil. ;
_c20 cm.
490 1 _aColección Argumentos ;
_v160
504 _aBibliografía : p. 267-277.
650 1 4 _aTabaco-
_xConsumo.
_917272
650 _aBebidas alcohólicas-
_xConsumo.
_9150008
650 _aCafé-
_xConsumo.
_9159800
650 _aOpio.
_9176111
700 1 _aFaber-Kaiser, Michael.
_948510
830 0 _aColección Argumentos ;
_v160
_9178071
852 _aES-MaACL
_jL-17925
999 _c10373
_d10373